000 00493nam a22001577a 4500
005 20250619113802.0
008 250619b |||||||| |||| 00| 0 eng d
020 _a978-1-5297-8118-2
100 _aISSA, TOMAYESS
245 _aMANAGEMENT INFORMATION SYSTEMS: HARNESSING TECHNOLOGIES FOR BUSINESS & SOCIETY
260 _aLONDON
_bSAGE
_c2024
300 _aXX, 328P.
500 _aINCLUDES BIBLIOGRAPHICAL REFERENCES AND INDEX
650 _aMANAGEMENT INFORMATION SYSTEMS
942 _2lcc
_cBK
999 _c215712
_d215712